Curso de geografía general

Gespeichert in:
Bibliographische Detailangaben
1. Verfasser: Varga y Esteban, Valentín de la
Format: Buch
Sprache:Spanisch
Erschienen: Cádiz : Imprenta y Librería de J. Romero , 1923
Ausgabe:4a ed. corr. y aum.
Katalog:MANES:  Suchergebnis im Bibliothekskatalog
Schulbuchspezifische Eigenschaften:
Tags: Tag hinzufügen
Keine Tags, Fügen Sie den ersten Tag hinzu!
Hinzugefügt zu:08.09.1998
Geändert in:07.05.2025

MARC

LEADER 00000cam a2200000 i 4500
005 20250507134555.0
008 980909s1923 esp f 000 0 spa
040 |a uned  |b spa  |c entro-manes 
100 1 |a Varga y Esteban, Valentín de la  |9 40799 
245 1 0 |a Curso de geografía general  |c  / por Valentín de la Varga 
250 |a 4a ed. corr. y aum. 
260 |a Cádiz  |b  : Imprenta y Librería de J. Romero  |c , 1923 
300 |a [1] v. 
500 |a En port.: Obra informada favorablemente por la Real Academia de la Historia y el Consejo de Instrucción Pública, y declarada, por Real Orden, de gran utilidad para la enseñanza y de mérito para la carrera del autor 
505 1 |a Contiene:   |g Tomo II 
546 |a España 
561 |5 es-BUNED  |3 L.T. 3161  |a España. Fondo Manes UNED  |k MANES 
690 0 |a GEO 
942 |2 ddc  |c BK 
999 |c 97633  |d 97633 
999 |c manes:97633  |d 97633